| 000 | 00582nam a22001577a 4500 | ||
|---|---|---|---|
| 005 | 20251108170756.0 | ||
| 008 | 250721s1999 xx 000 0 ara d | ||
| 082 | 1 | 4 | _a345/صاد |
| 100 | 1 | _aصادق، موريس | |
| 245 | 1 | 0 | _aالمنازعات في الجرائم الجنائية معلقاً عليها بأحدث أحكام محكمة النقض و المحكمة الدستورية العليا / |
| 264 |
_bدينا القانون، _c1999. |
||
| 650 | 1 | 7 | _aالقانون الجنائي |
| 650 | 1 | 7 | _aالقذف و التشهير |
| 942 |
_2ddc _cBK |
||
| 999 |
_c48701 _d48701 |
||